<?xml version="1.0" encoding="UTF-8"?>
<record
    xmlns:xsi="http://www.w3.org/2001/XMLSchema-instance"
    xsi:schemaLocation="http://www.loc.gov/MARC21/slim http://www.loc.gov/standards/marcxml/schema/MARC21slim.xsd"
    xmlns="http://www.loc.gov/MARC21/slim">

  <leader>02925    a2200253   4500</leader>
  <controlfield tag="003">NALT</controlfield>
  <controlfield tag="005">20250826100216.0</controlfield>
  <controlfield tag="008">231122b        th ||||| |||| 00| 0 tha d</controlfield>
  <datafield tag="020" ind1=" " ind2=" ">
    <subfield code="a">9786163022516</subfield>
  </datafield>
  <datafield tag="040" ind1=" " ind2=" ">
    <subfield code="a">NALT</subfield>
  </datafield>
  <datafield tag="245" ind1="1" ind2="0">
    <subfield code="a">Powered by DBD &#xE40;&#xE2A;&#xE23;&#xE34;&#xE21;&#xE1E;&#xE25;&#xE31;&#xE07;&#xE1C;&#xE39;&#xE49;&#xE1B;&#xE23;&#xE30;&#xE01;&#xE2D;&#xE1A;&#xE01;&#xE32;&#xE23; &#xE02;&#xE31;&#xE1A;&#xE40;&#xE04;&#xE25;&#xE37;&#xE48;&#xE2D;&#xE19;&#xE40;&#xE28;&#xE23;&#xE29;&#xE10;&#xE01;&#xE34;&#xE08;&#xE44;&#xE17;&#xE22; /</subfield>
    <subfield code="c">&#xE1C;&#xE39;&#xE49;&#xE40;&#xE02;&#xE35;&#xE22;&#xE19;, &#xE2A;&#xE33;&#xE19;&#xE31;&#xE01;&#xE1E;&#xE34;&#xE21;&#xE1E;&#xE4C;&#xE18;&#xE23;&#xE23;&#xE21;&#xE19;&#xE34;&#xE15;&#xE34;.</subfield>
    <subfield code="h">[electronic resource]</subfield>
  </datafield>
  <datafield tag="250" ind1=" " ind2=" ">
    <subfield code="a">&#xE1E;&#xE34;&#xE21;&#xE1E;&#xE4C;&#xE04;&#xE23;&#xE31;&#xE49;&#xE07;&#xE41;&#xE23;&#xE01;.</subfield>
  </datafield>
  <datafield tag="260" ind1=" " ind2=" ">
    <subfield code="a">&#xE01;&#xE23;&#xE38;&#xE07;&#xE40;&#xE17;&#xE1E;&#xE2F; : </subfield>
    <subfield code="b">&#xE18;&#xE23;&#xE23;&#xE21;&#xE19;&#xE34;&#xE15;&#xE34; &#xE40;&#xE1E;&#xE23;&#xE2A;,</subfield>
    <subfield code="c">2565.</subfield>
  </datafield>
  <datafield tag="300" ind1=" " ind2=" ">
    <subfield code="a">Online resource</subfield>
  </datafield>
  <datafield tag="520" ind1=" " ind2=" ">
    <subfield code="a">&#x201C;&#xE01;&#xE23;&#xE21;&#xE1E;&#xE31;&#xE12;&#xE19;&#xE32;&#xE18;&#xE38;&#xE23;&#xE01;&#xE34;&#xE08;&#xE01;&#xE32;&#xE23;&#xE04;&#xE49;&#xE32;&#x201D; &#xE2B;&#xE23;&#xE37;&#xE2D; DBD &#xE21;&#xE35;&#xE1A;&#xE17;&#xE1A;&#xE32;&#xE17;&#xE2B;&#xE25;&#xE31;&#xE01;&#xE17;&#xE35;&#xE48;&#xE2A;&#xE33;&#xE04;&#xE31;&#xE0D;&#xE22;&#xE34;&#xE48;&#xE07;&#xE40;&#xE01;&#xE35;&#xE48;&#xE22;&#xE27;&#xE02;&#xE49;&#xE2D;&#xE07;&#xE01;&#xE31;&#xE1A;&#xE01;&#xE32;&#xE23;&#xE1B;&#xE23;&#xE30;&#xE01;&#xE2D;&#xE1A;&#xE18;&#xE38;&#xE23;&#xE01;&#xE34;&#xE08;&#xE15;&#xE31;&#xE49;&#xE07;&#xE41;&#xE15;&#xE48;&#xE15;&#xE49;&#xE19;&#xE17;&#xE32;&#xE07;&#xE16;&#xE36;&#xE07;&#xE1B;&#xE25;&#xE32;&#xE22;&#xE17;&#xE32;&#xE07; &#xE42;&#xE14;&#xE22;&#xE40;&#xE09;&#xE1E;&#xE32;&#xE30;&#xE01;&#xE32;&#xE23;&#xE1E;&#xE31;&#xE12;&#xE19;&#xE32;&#xE2A;&#xE48;&#xE07;&#xE40;&#xE2A;&#xE23;&#xE34;&#xE21;&#xE18;&#xE38;&#xE23;&#xE01;&#xE34;&#xE08; &#xE2A;&#xE19;&#xE31;&#xE1A;&#xE2A;&#xE19;&#xE38;&#xE19;&#xE1C;&#xE39;&#xE49;&#xE1B;&#xE23;&#xE30;&#xE01;&#xE2D;&#xE1A;&#xE01;&#xE32;&#xE23;&#xE43;&#xE2B;&#xE49;&#xE40;&#xE02;&#xE49;&#xE21;&#xE41;&#xE02;&#xE47;&#xE07; &#xE40;&#xE1E;&#xE37;&#xE48;&#xE2D;&#xE1E;&#xE23;&#xE49;&#xE2D;&#xE21;&#xE41;&#xE02;&#xE48;&#xE07;&#xE02;&#xE31;&#xE19;&#xE41;&#xE25;&#xE30;&#xE40;&#xE15;&#xE34;&#xE1A;&#xE42;&#xE15;&#xE43;&#xE19;&#xE2A;&#xE19;&#xE32;&#xE21;&#xE01;&#xE32;&#xE23;&#xE04;&#xE49;&#xE32;&#xE17;&#xE31;&#xE49;&#xE07;&#xE43;&#xE19;&#xE23;&#xE30;&#xE14;&#xE31;&#xE1A;&#xE1B;&#xE23;&#xE30;&#xE40;&#xE17;&#xE28;&#xE41;&#xE25;&#xE30;&#xE23;&#xE30;&#xE14;&#xE31;&#xE1A;&#xE42;&#xE25;&#xE01; Tax Infocus &#xE09;&#xE1A;&#xE31;&#xE1A;&#xE19;&#xE35;&#xE49; &#xE04;&#xE38;&#xE13;&#xE17;&#xE28;&#xE1E;&#xE25; &#xE17;&#xE31;&#xE07;&#xE2A;&#xE38;&#xE1A;&#xE38;&#xE15;&#xE23; &#xE2D;&#xE18;&#xE34;&#xE1A;&#xE14;&#xE35;&#xE01;&#xE23;&#xE21;&#xE1E;&#xE31;&#xE12;&#xE19;&#xE32;&#xE18;&#xE38;&#xE23;&#xE01;&#xE34;&#xE08;&#xE01;&#xE32;&#xE23;&#xE04;&#xE49;&#xE32; &#xE44;&#xE14;&#xE49;&#xE43;&#xE2B;&#xE49;&#xE40;&#xE01;&#xE35;&#xE22;&#xE23;&#xE15;&#xE34;&#xE21;&#xE32;&#xE23;&#xE48;&#xE27;&#xE21;&#xE1E;&#xE39;&#xE14;&#xE04;&#xE38;&#xE22;&#xE16;&#xE36;&#xE07; Powered by DBD &#xE40;&#xE2A;&#xE23;&#xE34;&#xE21;&#xE1E;&#xE25;&#xE31;&#xE07;&#xE1C;&#xE39;&#xE49;&#xE1B;&#xE23;&#xE30;&#xE01;&#xE2D;&#xE1A;&#xE01;&#xE32;&#xE23; &#xE02;&#xE31;&#xE1A;&#xE40;&#xE04;&#xE25;&#xE37;&#xE48;&#xE2D;&#xE19;&#xE40;&#xE28;&#xE23;&#xE29;&#xE10;&#xE01;&#xE34;&#xE08;&#xE44;&#xE17;&#xE22; &#xE1A;&#xE2D;&#xE01;&#xE40;&#xE25;&#xE48;&#xE32;&#xE27;&#xE34;&#xE2A;&#xE31;&#xE22;&#xE17;&#xE31;&#xE28;&#xE19;&#xE4C; &#xE17;&#xE34;&#xE28;&#xE17;&#xE32;&#xE07;&#xE01;&#xE32;&#xE23;&#xE1A;&#xE23;&#xE34;&#xE2B;&#xE32;&#xE23;&#xE07;&#xE32;&#xE19;&#xE41;&#xE25;&#xE30;&#xE19;&#xE42;&#xE22;&#xE1A;&#xE32;&#xE22; &#xE20;&#xE32;&#xE23;&#xE01;&#xE34;&#xE08;&#xE40;&#xE0A;&#xE34;&#xE07;&#xE23;&#xE38;&#xE01;&#xE02;&#xE2D;&#xE07;&#xE01;&#xE23;&#xE21;&#xE1E;&#xE31;&#xE12;&#xE19;&#xE32;&#xE18;&#xE38;&#xE23;&#xE01;&#xE34;&#xE08;&#xE01;&#xE32;&#xE23;&#xE04;&#xE49;&#xE32;&#xE17;&#xE35;&#xE48;&#xE08;&#xE30;&#xE2A;&#xE19;&#xE31;&#xE1A;&#xE2A;&#xE19;&#xE38;&#xE19;&#xE1C;&#xE39;&#xE49;&#xE1B;&#xE23;&#xE30;&#xE01;&#xE2D;&#xE1A;&#xE01;&#xE32;&#xE23;&#xE44;&#xE17;&#xE22; &#xE23;&#xE27;&#xE21;&#xE16;&#xE36;&#xE07;&#xE0A;&#xE35;&#xE49;&#xE41;&#xE19;&#xE30;&#xE41;&#xE19;&#xE27;&#xE17;&#xE32;&#xE07;&#xE43;&#xE19;&#xE01;&#xE32;&#xE23;&#xE41;&#xE01;&#xE49;&#xE1B;&#xE31;&#xE0D;&#xE2B;&#xE32;&#xE25;&#xE14;&#xE2D;&#xE38;&#xE1B;&#xE2A;&#xE23;&#xE23;&#xE04;&#xE43;&#xE19;&#xE01;&#xE32;&#xE23;&#xE17;&#xE33;&#xE18;&#xE38;&#xE23;&#xE01;&#xE34;&#xE08; &#xE43;&#xE19;&#xE0A;&#xE48;&#xE27;&#xE07;&#xE40;&#xE27;&#xE25;&#xE32;&#xE17;&#xE35;&#xE48;&#xE21;&#xE35;&#xE04;&#xE27;&#xE32;&#xE21;&#xE1C;&#xE31;&#xE19;&#xE1C;&#xE27;&#xE19;&#xE40;&#xE1B;&#xE25;&#xE35;&#xE48;&#xE22;&#xE19;&#xE41;&#xE1B;&#xE25;&#xE07;&#xE02;&#xE2D;&#xE07;&#xE18;&#xE38;&#xE23;&#xE01;&#xE34;&#xE08;&#xE41;&#xE25;&#xE30;&#xE40;&#xE28;&#xE23;&#xE29;&#xE10;&#xE01;&#xE34;&#xE08;&#xE14;&#xE31;&#xE07;&#xE40;&#xE0A;&#xE48;&#xE19;&#xE1B;&#xE31;&#xE08;&#xE08;&#xE38;&#xE1A;&#xE31;&#xE19;.</subfield>
  </datafield>
  <datafield tag="650" ind1=" " ind2="4">
    <subfield code="9">9141</subfield>
    <subfield code="a">&#xE19;&#xE42;&#xE22;&#xE1A;&#xE32;&#xE22;&#xE01;&#xE32;&#xE23;&#xE04;&#xE49;&#xE32; </subfield>
    <subfield code="z">&#xE44;&#xE17;&#xE22;</subfield>
  </datafield>
  <datafield tag="650" ind1=" " ind2="4">
    <subfield code="a">&#xE01;&#xE32;&#xE23;&#xE08;&#xE31;&#xE14;&#xE01;&#xE32;&#xE23;&#xE18;&#xE38;&#xE23;&#xE01;&#xE34;&#xE08;</subfield>
    <subfield code="9">5803</subfield>
  </datafield>
  <datafield tag="710" ind1="2" ind2=" ">
    <subfield code="a">&#xE2A;&#xE33;&#xE19;&#xE31;&#xE01;&#xE1E;&#xE34;&#xE21;&#xE1E;&#xE4C;&#xE18;&#xE23;&#xE23;&#xE21;&#xE19;&#xE34;&#xE15;&#xE34;.</subfield>
    <subfield code="9">60649</subfield>
  </datafield>
  <datafield tag="850" ind1=" " ind2=" ">
    <subfield code="a">NALT</subfield>
  </datafield>
  <datafield tag="856" ind1="4" ind2="0">
    <subfield code="u">https://ebook.parliament.go.th/ebookall/example/432093</subfield>
    <subfield code="z">E-Book</subfield>
  </datafield>
  <datafield tag="942" ind1=" " ind2=" ">
    <subfield code="2">lcc</subfield>
    <subfield code="c">EBK</subfield>
  </datafield>
  <datafield tag="996" ind1=" " ind2=" ">
    <subfield code="a">i002</subfield>
    <subfield code="b">CATSTF	</subfield>
    <subfield code="c">2023-12-08</subfield>
  </datafield>
  <datafield tag="999" ind1=" " ind2=" ">
    <subfield code="c">102582</subfield>
    <subfield code="d">102582</subfield>
  </datafield>
  <datafield tag="998" ind1=" " ind2=" ">
    <subfield code="j">1020</subfield>
    <subfield code="k"> &#xE19;&#xE32;&#xE07;&#xE08;&#xE33;&#xE40;&#xE23;&#xE35;&#xE22;&#xE07;  &#xE23;&#xE30;&#xE27;&#xE31;&#xE07;&#xE2A;&#xE33;&#xE42;&#xE23;&#xE07;</subfield>
  </datafield>
  <datafield tag="952" ind1=" " ind2=" ">
    <subfield code="0">0</subfield>
    <subfield code="1">0</subfield>
    <subfield code="2">lcc</subfield>
    <subfield code="4">0</subfield>
    <subfield code="7">0</subfield>
    <subfield code="8">CERS</subfield>
    <subfield code="a">NALT</subfield>
    <subfield code="b">NALT</subfield>
    <subfield code="c">ONLINE</subfield>
    <subfield code="d">2023-09-29</subfield>
    <subfield code="e">191</subfield>
    <subfield code="r">2023-09-29 00:00:00</subfield>
    <subfield code="y">EBK</subfield>
  </datafield>
</record>
